A munkahelyi stressz hatásainak csökkentési lehetőségei a reziliencia fejlesztésével

Bibliográfiai részletek
Szerző: Egyed Andrea
További közreműködők: Végh Ferenc
Dokumentumtípus: Záródolgozat
Kulcsszavak:mentálhigiénia
munkavédelem
rugalmasság
stressz
stresszkezelés
Online Access:http://dolgozattar.uni-bge.hu/59894

MARC

LEADER 00000nta a2200000 i 4500
001 dolg59894
005 20260409145717.0
008 260409suuuu hu o 000 hun d
040 |a BGE Dolgozattár Repozitórium  |b hun 
041 |a hu 
100 1 |a Egyed Andrea 
245 1 2 |a A munkahelyi stressz hatásainak csökkentési lehetőségei a reziliencia fejlesztésével  |c Egyed Andrea  |h [elektronikus dokumentum] 
516 |a Final_paper 
520 3 |a Szakdolgozatom témaválasztását a munkahelyeimen jelenlévő folyamatos változási kényszer és az ehhez való alkalmazkodási szükséglet ihlette. Célom az volt, hogy áttekintsem a stressz fogalmát, forrásait, hatásait, az ezeket befolyásoló tényezőket és a stressz kezelésének módszereit. A stressz nem mindenkire hat egyformán, bizonyos személyiség típusok rugalmasabban reagálnak az élet adta nehézségekre. A reziliencia az az egyik olyan képesség, ami a nehéz helyzetekhez való sikeres alkalmazkodást lehetővé teszi. A reziliencia fogalmát több modellen keresztül lehet értelmezni. Jelenleg a kutatások ott tartanak, hogy ez nem egy személyiségvonás, hanem egy dinamikusan változó rendszer, amely tényezői kölcsönösen hatnak egymásra.A szakirodalom tanulmányozása során sok olyan fogalommal, modellel találkoztam, amivel korábban nem. Ilyen például a proziliencia (Fehér, 2024), ami felkeltette az érdeklődésemet. Azt sem gondoltam volna, hogy ennyi szakmai cikk, könyv, módszer áll rendelkezésre, ami gyermekek rezilienciájának fejlesztésével foglalkozik. Ismereteimet szeretném bővíteni ebben a témában, mert annyira szerteágazó, hogy a szakdolgozatom kidolgozása során csak a felszínt tapogattam.A kutatási kérdéseim kapcsán arra voltam kíváncsi, hogy milyen mentálhigiénés programokkal lehetséges a munkahelyi stressz csökkentése, illetve hogyan lehet a munkavállalók rezilienciájának fejlődését támogatni mentálhigiénés eszközökkel. Ahhoz, hogy egy programot kialakítsak, meg kellett ismernem a vállalatot, fel kellett mérnem a jelenlegi helyzetet a munkahelyi pszichoszociális tényezőkről, amihez a COPSOQ II kérdőívet használtam. A felmérés eredményeit kielemeztem és meghatároztam azokat a tényezőket, amiken javítani szükséges.A vállalati programot egészségfejlesztési szemlélettel írtam, figyelembe véve annak beépítési lehetőségét egy vállalatirányítási rendszerbe. A javaslataimnál figyelembe vettem, hogy komplex szemlélettel közelítsek a célok eléréséhez. A szakirodalmi áttekintést és a kutatást követően úgy gondolom, hogy fontos, hogy a munkahelyeken jelen lévő pszicoszociális tényezők állapotát monitorozzuk és az eredményeknek megfelelően változtassunk. A stressz bizonyos szinten motivál, jobb tevékenységre ösztönöz amunkahelyeken is, ezért figyelni kell arra, hogy a motiváló, eustressz kívánatos szinten megmaradjon. A nehézség ebben az, hogy minden munkavállalónak más-más a stressz toleranciája és mindenkire más tényezők hatnak, hiszen a munkahelyeken kívüli hatásokat befolyásolni nem tudjuk. Érdekes tapasztalat volt a felmérés kiértékelése során felismerni az összefüggéseket. A tervezés és írás során igyekeztem úgy felépíteni a tanulmányt, hogy azt a munkám során, mint egy sorvezetőt használni tudjam. 
695 |a mentálhigiénia 
695 |a munkavédelem 
695 |a rugalmasság 
695 |a stressz 
695 |a stresszkezelés 
700 1 |a Végh Ferenc  |e ths 
856 4 0 |u http://dolgozattar.uni-bge.hu/59894/1/Szakdolgozat_Egyed%20Andrea.pdf  |z Dokumentum-elérés 
856 4 0 |u http://dolgozattar.uni-bge.hu/59894/2/Egyed%20Andrea%20b%C3%ADr%C3%A1lat%20MH.pdf  |z Dokumentum-elérés 
856 4 0 |u http://dolgozattar.uni-bge.hu/59894/3/Egyed%20Andrea%20KSZ%20e%CC%81s%20MH%20bi%CC%81ra%CC%81lati%20lap%202025.pdf  |z Dokumentum-elérés